000 00614nam a2200205 u 4500
005 20240924071232.0
008 080522s2007 r 000 0 eng d
020 _a1404267328
035 _aUPN01000156176
049 _aI
050 4 _aPZ71
_bS6.29
100 1 _aSmith, Kathy
245 1 0 _aAyudando a Ana /
_cKathy Smith ; tr. MarĂ­a Cristina Brusca.
260 _aNew York :
_bRosen Classroom Books & Materials,
_c2007.
300 _a12 p. :
_bprincipalmente il. col.
440 0 _aLecturas del barrio.
_pNarrativa
650 4 _aLiteratura infantil
_94445
650 7 _aAmistad
_2
_94317
905 _aInfantil
999 _c128290
_d128290